Socioeconomic and ecological correlates of the occupational structure of major metropolitan centers in Connecticut and the United States /

Bibliographic Details
Main Author: Stockwell, Edward G.
Other Authors: Goldsmith, Harold F.
Format: Book
Language:English
Published: Storrs : Storrs Agricultural Experiment Station, University of Connecticut, 1969.
Series:Research report (Storrs Agricultural Experiment Station) ; 30.
Subjects:

MARC

Tag First Indicator Second Indicator Subfields
LEADER 00000cam a2200000 a 4500
001 in00000071017
005 20151008062021.0
008 790430s1969 ctu bs s00010 eng d
035 |a (OCoLC)04909582 
035 |9 AAJ9336AM 
040 |a HOU  |c HOU  |d m.c.  |d TXA  |d UtOrBLW 
043 |a n-us---  |a n-us-ct 
049 |a TXAM  |c [1481580] 
090 |a HB2595  |b .S8 
100 1 |a Stockwell, Edward G. 
245 1 0 |a Socioeconomic and ecological correlates of the occupational structure of major metropolitan centers in Connecticut and the United States /  |c by Edward G. Stockwell and Harold F. Goldsmith. 
264 1 |a Storrs :  |b Storrs Agricultural Experiment Station, University of Connecticut,  |c 1969. 
300 |a 24 pages ;  |c 28 cm. 
336 |a text  |b txt  |2 rdacontent 
337 |a unmediated  |b n  |2 rdamedia 
338 |a volume  |b nc  |2 rdacarrier 
490 1 |a Research report / Storrs Agricultural Experiment Station ;  |v 30 
504 |a Includes bibliographical references. 
650 0 |a Occupations  |x Statistics. 
650 0 |a Occupations  |z United States. 
651 0 |a Connecticut  |x Occupations. 
700 1 |a Goldsmith, Harold F. 
830 0 |a Research report (Storrs Agricultural Experiment Station) ;  |v 30. 
999 |a MARS 
999 f f |s 34376467-9176-37c9-8aae-9f21934c271f  |i 6506bf3a-84c5-37e7-8f32-f51c73e1b777  |t 0 
952 f f |p ric  |a Texas A&M University  |b Rellis Campus  |c Joint Library Facility  |d Remote Storage  |t 0  |e HB2595 .S8  |h Library of Congress classification  |i unmediated -- volume  |m A14806120562 
998 f f |a HB2595 .S8  |t 0  |l Remote Storage